000 00451nam a2200181Ia 4500
001 16207
005 20260306170252.0
008 260306t2010||||xx |||||||||||||| ||und||
041 _aESP
082 _a347.4
_bA66
100 _aArana, Daniel
_eAUT
245 0 _aTratamiento contable y tributario de arrendamiento financiero
260 _c2010
300 _a31 páginas :
_c24 cm.
650 _aGEN
654 _aCDE
942 _cLIB
_dJUS
_fJUS
_2ddc
_n
999 _c16207
_d16207